| 000 | 00803cam a2200229 4500 | ||
|---|---|---|---|
| 001 | ##D15677 | ||
| 008 | 090401t1965 xxu||||| |||| 00| 0 eng d | ||
| 035 | _a(Sirsi) u24523 | ||
| 041 | 0 | _aeng | |
| 050 | 0 | 4 | _a331.2166 $2 18 |
| 110 | 2 |
_aRoyal Institution of Chartered Surveyors _94900 |
|
| 245 | 0 | 0 | _aMemorandum by the Quantity Surveyors Committee as an introduction to the scale no. 38 - scale of professional charges for quantity surveying services for civil engineering works |
| 260 |
_aLondon _bRICS _c1965 |
||
| 300 |
_a4p. _c21cm. |
||
| 650 | _aFEE SCALES | ||
| 650 | _aPROFESSIONAL CHARGES | ||
| 650 | _aPROFESSIONAL FEES | ||
| 650 | _aQUANTITY SURVEYORS' FEES | ||
| 690 | _aABOUT RICS-RICS MEMBERS-CHARTERED SURVEYORS-CHARTERED QUANTITY SURVEYORS | ||
| 942 | _n0 | ||
| 948 | _c04/03/1997 | ||
| 999 |
_c88560 _d88560 |
||